000 00603nam a2200205Ia 4500
005 20221126120041.0
008 131103s9999 xx 000 0 und d
040 _aLoreto College
041 _aEnglish
082 _a821.8
_bROS
100 _aRossetti, William Michael
245 4 _aThe Poetical works of Christina Georgina Rossetti with memoir and notes
_cWilliam Michael Rossetti
260 _aLondon
_bMacmillan
_c1928
300 _alxxi,507p.
504 _aIncludes index
650 _aRossetti, Christina Georgina - Biography
651 _aEnglish poetry
850 _aLCLIB
942 _cBK
999 _c21527
_d72006